[Event "GRE-chT 48th"]
[Site "Athens"]
[Date "2021.09.10"]
[Round "5.5"]
[White "Bulmaga, Irina"]
[Black "Tsouba, Maria"]
[Result "1-0"]
[WhiteElo "2407"]
[BlackElo "1681"]
[PlyCount "27"]
[EventDate "2021.09.07"]
[EventType "team-swiss"]
[EventRounds "7"]
[EventCountry "GRE"]
[SourceTitle "CBM 204 Extra"]
[Source "ChessBase"]
[SourceDate "2021.11.30"]
[SourceVersion "1"]
[SourceVersionDate "2021.11.30"]
[SourceQuality "1"]
[WhiteTeam "Peukees"]
[BlackTeam "Kallytheas"]
[WhiteTeamCountry "GRE"]
[BlackTeamCountry "GRE"]

1. e4 e6 2. d4 d5 3. Nc3 Bb4 4. Nge2 c5 5. a3 Bxc3+ 6. Nxc3 dxe4 7. dxc5 Qxd1+ 8. Kxd1 Bd7 9. Nxe4 Bc6 10. f3 Nd7 11. b4 Ngf6 12. Nxf6+ gxf6 13. b5 Nxc5 14. bxc6 1-0

[Event "GRE-chT 48th"]
[Site "Athens"]
[Date "2021.09.08"]
[Round "3.6"]
[White "Stavropoulou, Katerina"]
[Black "Tsouba, Maria"]
[Result "1/2-1/2"]
[WhiteElo "1769"]
[BlackElo "1681"]
[PlyCount "111"]
[EventDate "2021.09.07"]
[EventType "team-swiss"]
[EventRounds "7"]
[EventCountry "GRE"]
[SourceTitle "CBM 204 Extra"]
[Source "ChessBase"]
[SourceDate "2021.11.30"]
[SourceVersion "1"]
[SourceVersionDate "2021.11.30"]
[SourceQuality "1"]
[WhiteTeam "Keefysyas"]
[BlackTeam "Kallytheas"]
[WhiteTeamCountry "GRE"]
[BlackTeamCountry "GRE"]

1. e4 e6 2. d4 d5 3. exd5 exd5 4. Nf3 Bd6 5. c4 dxc4 6. Bxc4 Ne7 7. 0-0 0-0 8. Bg5 h6 9. Bh4 Bg4 10. Qb3 Nbc6 11. Qxb7 Bxf3 12. gxf3 Nxd4 13. Qe4 Ndf5 14. Bd3 g6 15. Bf6 Qd7 16. Nc3 Rae8 17. Rad1 c6 18. Qg4 Qc7 19. h3 Kh7 20. Ne4 Nd5 21. Nxd6 Qxd6 22. Bxf5 Qxf6 23. Be4 Rd8 24. Bxd5 cxd5 25. Rd4 Qe6 26. Rfd1 Rd7 27. Kg2 Rfd8 28. Qf4 Qd6 29. Qe3 Re7 30. Rxd5 Rxe3 31. Rxd6 Rxd6 32. Rxd6 Re2 33. Rd7 Kg7 34. Rb7 a5 35. a4 Rc2 36. b3 Rc3 37. Kg3 g5 38. Kg4 Kg6 39. Rb6+ f6 40. Kg3 Rd3 41. Rb5 f5 42. Rb6+ Kh5 43. Rb5 f4+ 44. Kg2 Rc3 45. Rxa5 Rxb3 46. Ra6 Ra3 47. a5 Ra2 48. Ra8 Kh4 49. a6 h5 50. a7 Ra6 51. Kf1 Kxh3 52. Rh8 Ra1+ 53. Ke2 Ra2+ 54. Kf1 Ra1+ 55. Ke2 Ra2+ 56. Kf1 1/2-1/2

[Event "GRE-chT 41st"]
[Site "Achaia"]
[Date "2013.07.06"]
[Round "6.6"]
[White "Tsouba, Maria"]
[Black "Salahidou, Reveka"]
[Result "1-0"]
[WhiteElo "1521"]
[BlackElo "1705"]
[PlyCount "55"]
[EventDate "2013.07.02"]
[EventType "team-swiss"]
[EventRounds "7"]
[EventCountry "GRE"]
[SourceTitle "CBM 155 Extra"]
[Source "ChessBase"]
[SourceDate "2013.08.26"]
[SourceVersion "1"]
[SourceVersionDate "2013.08.26"]
[SourceQuality "1"]
[WhiteTeam "Panionios GSS"]
[BlackTeam "Corinth Argonaftis"]
[WhiteTeamCountry "GRE"]
[BlackTeamCountry "GRE"]

1. e4 c5 2. Nf3 e6 3. d4 cxd4 4. Nxd4 a6 5. Nc3 Qc7 6. Bd3 Nf6 7. 0-0 b5 8. Qe2 d6 9. Bd2 Nbd7 10. a3 Ne5 11. Kh1 Nxd3 12. cxd3 g6 13. f4 Bg7 14. Rac1 Qb7 15. e5 dxe5 16. fxe5 Nd7 17. Nf3 0-0 18. d4 h6 19. Ne4 Qd5 20. Bb4 Re8 21. Nd6 Rd8 22. Rc7 f6 23. Rfc1 Nb6 24. exf6 Bxf6 25. Qc2 Qh5 26. Qc6 Rb8 27. Nxc8 Qf5 28. Nxb6 1-0

[Event "Attica-ch U16 Girls 11"]
[Site "Athens"]
[Date "2010.12.26"]
[Round "2.4"]
[White "Fragou, Eleni"]
[Black "Tsouba, Maria"]
[Result "1-0"]
[WhiteElo "1910"]
[BlackElo "1474"]
[PlyCount "97"]
[EventDate "2010.12.23"]
[EventType "tourn"]
[EventRounds "7"]
[EventCountry "GRE"]
[SourceTitle "EXT 2024"]
[Source "ChessBase"]
[SourceDate "2023.10.10"]
[SourceVersion "1"]
[SourceVersionDate "2023.10.10"]
[SourceQuality "1"]

1. e4 e6 2. d4 d5 3. Nd2 c5 4. Ngf3 Nf6 5. exd5 Nxd5 6. Nb3 cxd4 7. Bb5+ Bd7 8. Bxd7+ Nxd7 9. 0-0 Be7 10. Nbxd4 0-0 11. Nf5 N5f6 12. Nxe7+ Qxe7 13. Re1 Rac8 14. Bf4 Qd8 15. c3 a6 16. Qe2 Qa5 17. Nd2 b5 18. Nb3 Qb6 19. Rad1 Rfd8 20. Rd6 Rc6 21. Red1 Rxd6 22. Rxd6 Qa7 23. Na5 Re8 24. Be3 Qa8 25. Qd3 Nf8 26. h3 Ng6 27. Qd4 Nd5 28. c4 bxc4 29. Nxc4 Nxe3 30. Nxe3 Rb8 31. Nc4 h6 32. h4 Qb7 33. b3 Ra8 34. h5 Nh8 35. Rd7 Qb4 36. Qd1 Qc5 37. Qf3 Re8 38. Rd6 a5 39. Ra6 Qb4 40. Rxa5 Qe1+ 41. Kh2 Rc8 42. a4 Kh7 43. Re5 Qa1 44. Qe4+ Kg8 45. Rxe6 Qa2 46. Re8+ Rxe8 47. Qxe8+ Kh7 48. Qe4+ Kg8 49. Qf3 1-0

[Event "Attica-ch U16 Girls 11"]
[Site "Athens"]
[Date "2010.12.23"]
[Round "1.2"]
[White "Tsouba, Maria"]
[Black "Kokossis, Danae"]
[Result "1/2-1/2"]
[WhiteElo "1474"]
[BlackElo "1798"]
[PlyCount "117"]
[EventDate "2010.12.23"]
[EventType "tourn"]
[EventRounds "7"]
[EventCountry "GRE"]
[SourceTitle "EXT 2024"]
[Source "ChessBase"]
[SourceDate "2023.10.10"]
[SourceVersion "1"]
[SourceVersionDate "2023.10.10"]
[SourceQuality "1"]

1. c4 Nf6 2. Nf3 e6 3. Nc3 b6 4. e3 Bb7 5. Be2 Be7 6. 0-0 0-0 7. b3 d6 8. Bb2 Nbd7 9. Qc2 c5 10. Rac1 a6 11. Qb1 Bc6 12. d4 Qb8 13. Rfd1 Qb7 14. a3 b5 15. cxb5 axb5 16. dxc5 Nxc5 17. Qc2 b4 18. axb4 Qxb4 19. Nd4 Bd7 20. Bf3 Rab8 21. Na2 Qa5 22. Ra1 Qb6 23. Nc1 e5 24. Nce2 Nxb3 25. Nxb3 Qxb3 26. Qxb3 Rxb3 27. Ba3 e4 28. Nd4 Rb6 29. Be2 Rfb8 30. Nc2 Bf8 31. f3 d5 32. Bxf8 Kxf8 33. Nd4 Rd8 34. Kf2 Rb2 35. h3 Rdb8 36. f4 Bb5 37. g4 Bxe2 38. Nxe2 R8b5 39. Ra8+ Ke7 40. Ra7+ Nd7 41. Ke1 Rc5 42. Rd2 Rb3 43. Kf2 Rb6 44. Nd4 g6 45. Re2 Kd6 46. Ra8 Rb8 47. Ra6+ Kc7 48. Ra7+ Rb7 49. Ra8 Nb8 50. Raa2 Nc6 51. Nxc6 Kxc6 52. Ra8 Rcb5 53. Rh8 f5 54. gxf5 gxf5 55. Rf8 d4 56. Rc2+ Kb6 57. exd4 Rd7 58. Rb8+ Rb7 59. Rf8 1/2-1/2